LEADER 03349oam 2200709I 450 001 9910453004903321 005 20200520144314.0 010 $a1-315-83614-9 010 $a1-317-86998-2 010 $a1-317-86999-0 010 $a1-281-34718-3 010 $a9786611347185 010 $a1-4058-9857-7 024 7 $a10.4324/9781315836140 035 $a(CKB)1000000000549330 035 $a(MH)009380895-X 035 $a(SSID)ssj0000291936 035 $a(PQKBManifestationID)11245954 035 $a(PQKBTitleCode)TC0000291936 035 $a(PQKBWorkID)10254777 035 $a(PQKB)10849721 035 $a(MiAaPQ)EBC4692269 035 $a(MiAaPQ)EBC5268507 035 $a(Au-PeEL)EBL4692269 035 $a(CaPaEBR)ebr11268746 035 $a(CaONFJC)MIL955811 035 $a(OCoLC)959150829 035 $a(OCoLC)961208553 035 $a(Au-PeEL)EBL5268507 035 $a(CaONFJC)MIL134718 035 $a(OCoLC)1024273346 035 $a(EXLCZ)991000000000549330 100 $a20180706e20132004 uy 0 101 0 $aeng 135 $aurcnu|||||||| 181 $ctxt 182 $cc 183 $acr 200 14$aThe collapse of the Soviet Union $e1985-1991 /$fDavid R. Marples 205 $a1st ed. 210 1$aLondon :$cRoutledge,$d2013. 215 $a1 online resource (xxi, 170 p. )$cmaps ; 225 1 $aSeminar Studies in History 300 $aFirst published 2004 by Pearson Education Limited. 311 $a1-138-13077-X 311 $a0-582-50599-2 320 $aIncludes bibliographical references and index. 327 $aGorbachev comes to power. Political overview ; Glasnost ; Social, environmental and nuclear power issues -- Perestroika in action. The economy, 1985-90 ; Foreign policy -- The national question. The submerged dilemma ; Nagorno-Karabakh ; The Baltic states ; Georgia, Ukraine, and Belarus ; The Plenum on national policy, September 1989 -- Domestic politics, 1989 to mid-August 1991. The Congress of Peoples Deputies and new presidency ; The 28th Party Congress and aftermath ; The referendum of 17 March 1991 ; Toward a new Union Treaty -- The Putsch and the collapse of the USSR. The Putsch, 18-21 August 1991 ; Administrative changes ; The failure of the Union Treaty ; Yeltsin consolidates his power ; The Belavezha Agreement -- Why did the Soviet Union Collapse? -- Glossary -- Who's who. 330 $aThe collapse of the Soviet Union has widely been seen as the reult of the arms race and Cold War, and the failure of the Soviet side to keep pace with new technology. This is an accessible guide to the key events surrounding the disintegration of the USSR. 410 0$aSeminar studies in history. 607 $aSoviet Union$xPolitics and government$y1985-1991 607 $aSoviet Union$xEconomic conditions$y1985-1991 608 $aElectronic books. 676 $a947.085/4 700 $aMarples$b David R.$0510351 801 0$bFlBoTFG 801 1$bFlBoTFG 906 $aBOOK 912 $a9910453004903321 996 $aThe collapse of the Soviet Union$92116046 997 $aUNINA 999 $aThis Record contains information from the Harvard Library Bibliographic Dataset, which is provided by the Harvard Library under its Bibliographic Dataset Use Terms and includes data made available by, among others the Library of Congress LEADER 02760nam 22005535 450 001 9910887894003321 005 20250701103230.0 010 $a3-031-59185-2 024 7 $a10.1007/978-3-031-59185-3 035 $a(MiAaPQ)EBC31674291 035 $a(Au-PeEL)EBL31674291 035 $a(CKB)35308993800041 035 $a(DE-He213)978-3-031-59185-3 035 $a(EXLCZ)9935308993800041 100 $a20240913d2024 u| 0 101 0 $aeng 135 $aurcnu|||||||| 181 $ctxt$2rdacontent 182 $cc$2rdamedia 183 $acr$2rdacarrier 200 10$aSilicon Components and Processes Self Study $eProperties of Silicon Crystals and PN Junctions /$fby Badih El-Kareh, Lou N. Hutter 205 $a1st ed. 2024. 210 1$aCham :$cSpringer Nature Switzerland :$cImprint: Springer,$d2024. 215 $a1 online resource (567 pages) 300 $aIncludes index. 311 08$a3-031-59184-4 330 $aThis book is one of a series of five volumes forming an integrated, self-study course on silicon device physics, modes of operation, characterization, and fabrication. The series is based on many years of the author?s experience in academic and industrial teaching of semiconductors. The books are suitable for both class-teaching and self-study. The authors have designed the content to enable readers to be introduced gradually to semiconductors, in particular silicon components. The presentation includes many illustrations, practical examples, review questions and problems at the end of each chapter. Answers to review questions and solutions to problems will be provided for ?self-check?. Complements courses covering silicon device physics, mode of components, characterization, and fabrication; Enables comprehensive, self-study in semiconductors, aimed at practicing engineers or university students; Includes many illustrations, practical examples, review questions and problems at the end of each chapter. 606 $aElectronic circuits 606 $aElectronics 606 $aSolid state physics 606 $aElectronic Circuits and Systems 606 $aElectronics and Microelectronics, Instrumentation 606 $aElectronic Devices 615 0$aElectronic circuits. 615 0$aElectronics. 615 0$aSolid state physics. 615 14$aElectronic Circuits and Systems. 615 24$aElectronics and Microelectronics, Instrumentation. 615 24$aElectronic Devices. 676 $a661.0683 700 $aEl-Kareh$b Badih$0720566 702 $aHutter$b Lou N. 801 0$bMiAaPQ 801 1$bMiAaPQ 801 2$bMiAaPQ 906 $aBOOK 912 $a9910887894003321 996 $aSilicon Components and Processes Self Study$94256396 997 $aUNINA